000 00344nam a2200145Ia 4500
001 R-1082
003 CODICE-MESSINA
005 20260212102501.0
008 260211s9999 xx 000 0 und d
040 _cimportazione_messina
100 _aGiulio Andreotti
245 0 _aDiario 1976-1979
245 0 _bGiulio andreotti
942 _2ddc
_cBK
999 _c27577
_d27577